[Event "ch-UKR sf"]
[Site "Alushta UKR"]
[Date "2006.05.18"]
[Round "6"]
[White "Shmat,S"]
[Black "Guivan,V"]
[Result "0-1"]
[WhiteElo "2032"]
[BlackElo "2204"]

1.d4 Nf6 2.c4 g6 3.Nc3 Bg7 4.e4 d6 5.Nf3 O-O 6.Be2 e5 7.O-O Nc6 8.d5 Ne7
9.b4 a5 10.Ba3 axb4 11.Bxb4 b6 12.a4 Ne8 13.Nd2 f5 14.Qb3 Kh8 15.a5 c5 16.axb6 Rxa1
17.Rxa1 cxb4 18.Qxb4 Bb7 19.Nb3 Nc8 20.c5 dxc5 21.Nxc5 Rf7 22.Nxb7 Rxb7 23.Ra8 Ned6
24.Ba6 Rxb6 25.Qc5 Bf8 26.g3 Kg7 27.Bxc8 Nxe4 28.Qa5 Nxc3 29.Qxc3 Rb1+ 30.Kg2 Qxd5+
31.Kh3 Rg1 32.Qc7+ Kh6 33.Bb7 Qe6 34.Bf3 Bd6 35.Qd8 Be7 36.Qc8 Qb3 37.Be2 Qd5
38.f3 Qd2 39.Qc4 Qe3 40.Ra2 Qf2 41.Bd1 Qe1 42.Ba4 f4 43.Qe2 Rxg3+  0-1

[Event "3rd All-China Games"]
[Site "Suzhou CHN"]
[Date "2006.05.21"]
[Round "3"]
[White "Ju Wenjun"]
[Black "Wu Xibin"]
[Result "1-0"]
[WhiteElo "2330"]
[BlackElo "2394"]

1.d4 Nf6 2.c4 g6 3.Nc3 Bg7 4.e4 d6 5.Nf3 O-O 6.Be2 e5 7.O-O Nc6 8.d5 Ne7
9.b4 Nh5 10.Re1 f5 11.Ng5 Nf6 12.f3 Nh5 13.g3 Kh8 14.Ne6 Bxe6 15.dxe6 Nc6
16.Nd5 Re8 17.exf5 gxf5 18.b5 Nd4 19.Bb2 Rxe6 20.Bxd4 exd4 21.Bd3 Rxe1+ 22.Qxe1 Qd7
23.g4 c6 24.Bxf5 Qf7 25.bxc6 bxc6 26.Qe7 Qxe7 27.Nxe7 Nf4 28.Nxc6 Re8 29.Be4 Ne2+
30.Kf2 Nc3 31.Nb4 d3 32.Bxd3 Ne4+ 33.Bxe4 Bxa1 34.Nc6 Bc3 35.a4 a5 36.h4 h6
37.h5 Rg8 38.Ke3 Rg5 39.Kd3 Be5 40.Ne7 Kg7 41.Bf5 Kf7 42.Ng6 Kf6 43.Ke4  1-0

[Event "3rd All-China Games"]
[Site "Suzhou CHN"]
[Date "2006.05.22"]
[Round "6"]
[White "Wang Rui"]
[Black "Huang Qian"]
[Result "0-1"]
[WhiteElo "2497"]
[BlackElo "2391"]

1.d4 Nf6 2.c4 g6 3.Nc3 Bg7 4.e4 d6 5.Nf3 O-O 6.Be2 e5 7.O-O Nc6 8.d5 Ne7
9.b4 a5 10.Ba3 Ne8 11.bxa5 Rxa5 12.Bb4 Ra8 13.c5 Bd7 14.Nb5 dxc5 15.Bxc5 Bxb5
16.Bxb5 Nd6 17.Bd3 b6 18.Be3 Nxd5 19.exd5 e4 20.Nd4 exd3 21.Qxd3 Qd7 22.Qb3 Nf5
23.Nxf5 Qxf5 24.Rac1 Be5 25.Rfd1 Rfe8 26.a4 Qd7 27.Rc4 Ra5 28.Rb4 Rd8 29.Rb5 Rda8
30.f4 Bd6 31.Bd4 Rxa4 32.Bb2 Rxf4 33.Qc3 f6 34.Rb3 Bc5+ 35.Kh1 Qxd5 36.Re1 Rf2
37.Qh3 Qf5  0-1

[Event "3rd All-China Games"]
[Site "Suzhou CHN"]
[Date "2006.05.24"]
[Round "7"]
[White "Tan Zhongyi"]
[Black "Huang Qian"]
[Result "0-1"]
[WhiteElo "2276"]
[BlackElo "2391"]

1.d4 Nf6 2.c4 g6 3.Nc3 Bg7 4.e4 d6 5.Nf3 O-O 6.Be2 e5 7.O-O Nc6 8.d5 Ne7
9.b4 Nh5 10.Re1 a5 11.bxa5 Rxa5 12.a4 c5 13.Ra3 Kh8 14.Nb5 Ra6 15.g3 Nf6
16.Bf1 Ne8 17.Bg2 h6 18.Bb2 f5 19.Nh4 f4 20.g4 Bf6 21.Rh3 Kg7 22.Bf3 Ng8
23.Ng2 h5 24.Kh1 Nh6 25.Rg1 Nxg4 26.Qe2 Kf7 27.Ne1 Nxf2+ 28.Qxf2 Bxh3 29.Qe2 Ng7
30.Nd3 Qe7 31.a5 Bc8 32.Qg2 g5 33.h3 g4 34.Bd1 Rxa5 35.Qd2 Ra6 36.Qg2 Ne8
37.hxg4 hxg4 38.Rf1 f3 39.Qd2 Rh8+ 40.Kg1 Bg5 41.Qe1 Bf6 42.Bxf3 gxf3 43.Rxf3 Rg8+
44.Kf1 Rg5 45.Bc1 Rg6 46.Qh4 Kg8 47.Qf2 Qg7  0-1

[Event "3rd All-China Games"]
[Site "Suzhou CHN"]
[Date "2006.05.24"]
[Round "8"]
[White "Cheng Xinkai"]
[Black "Ju Wenjun"]
[Result "1/2-1/2"]
[WhiteElo "2352"]
[BlackElo "2330"]

1.d4 Nf6 2.c4 g6 3.Nc3 Bg7 4.e4 d6 5.Nf3 O-O 6.Be2 e5 7.O-O Nc6 8.d5 Ne7
9.Ne1 Nd7 10.Nd3 f5 11.Bd2 Kh8 12.Rc1 c5 13.f3 Nf6 14.Rb1 f4 15.b4 b6 16.bxc5 bxc5
17.Nf2 h5 18.Qa4 g5 19.h3 Rg8 20.Ncd1 Bh6 21.Ba5 Qf8 22.Bc7 Ne8 23.Ba5 Qg7
24.Qc2 Ng6 25.Rb3 Nh4 26.Be1 Nf6 27.Kh1 Qh7 28.Nd3 Ng6 29.Kg1 g4 30.fxg4 hxg4
31.hxg4 Nxe4 32.N3f2 Ng3 33.Ne4 Nxf1 34.Nf6 Qg7 35.Nxg8 Kxg8 36.Kxf1 Nf8
37.Nf2 Nh7 38.Ne4 Bxg4 39.Bxg4 Qxg4 40.Nxd6 Rf8 41.Qe2 Qg6 42.Ne4 Bg7 43.Nxc5 Ng5
44.Qg4 f3 45.gxf3 Rf4 46.Rb8+ Kh7 47.Qg2 Rxf3+ 48.Kg1 e4 49.Rb7 Kh6 50.Ne6 Nxe6
51.Qxg6+ Kxg6 52.dxe6 Bd4+ 53.Kg2 Rf8 54.e7 Re8 55.Bh4 Kf7 56.Kg3 Ke6 57.Rb5 Be5+
58.Kf2 Bf6 59.Ke3 Bxe7 60.Bxe7 Kxe7 61.Kxe4 Kd6+ 62.Kd4 Kc6 63.Rb2 Re7 64.Kc3 Rh7
65.Rg2 Rf7 66.Rg6+ Kc5 67.Rg5+ Kc6 68.Kb4 Rb7+ 69.Rb5 Rg7 70.Rc5+ Kb6 71.Rh5 Rg2
72.Rh6+ Kb7 73.a4 a6 74.c5 Rg4+ 75.Ka5 Rc4 76.Rb6+ Kc7 77.Rb4 Rxc5+ 78.Kxa6 Rc2
79.Rb5 Rc1 80.a5 Rc6+ 81.Ka7 Rc1 82.a6 Rc2 83.Rh5 Rc1  1/2-1/2

[Event "Summer-1"]
[Site "Alushta UKR"]
[Date "2006.06.03"]
[Round "2"]
[White "Sumets,A"]
[Black "Zinchenko,Ya"]
[Result "1/2-1/2"]
[WhiteElo "2461"]
[BlackElo "2499"]

1.d4 Nf6 2.c4 g6 3.Nc3 Bg7 4.e4 d6 5.Nf3 O-O 6.Be2 e5 7.O-O Nc6 8.d5 Ne7
9.Ne1 Ne8 10.f3 f5 11.g4 Nf6 12.Ng2 Kh8 13.h4 c6 14.Be3 a6 15.a4 a5 16.Qd2 c5  1/2-1/2

[Event "Summer-1"]
[Site "Alushta UKR"]
[Date "2006.06.03"]
[Round "2"]
[White "Mankeyev,Raua"]
[Black "Shtyrenkov,V"]
[Result "0-1"]
[WhiteElo "2381"]
[BlackElo "2416"]

1.d4 Nf6 2.c4 g6 3.Nc3 Bg7 4.e4 d6 5.Be2 O-O 6.Nf3 e5 7.O-O Nc6 8.d5 Ne7
9.b4 a5 10.Ba3 Nd7 11.bxa5 Nc5 12.Nd2 b6 13.Nb3 f5 14.Bd3 Nxd3 15.Qxd3 g5
16.Bb4 Ng6 17.axb6 cxb6 18.Nb5 Rf6 19.a4 Nf4 20.Qe3 Bf8 21.exf5 Bxf5 22.Nd2 Rh6
23.Ne4 Rc8 24.Nexd6 Rxd6 25.Qxe5 Rf6 26.Bxf8 Qxf8 27.a5 Re8 28.Qb2 Ne2+ 29.Kh1 Rh6
30.Ra3 Qc5 31.axb6 Qxf2  0-1

[Event "Summer-1"]
[Site "Alushta UKR"]
[Date "2006.06.03"]
[Round "3"]
[White "Tishin,D"]
[Black "Sumets,A"]
[Result "0-1"]
[WhiteElo "2316"]
[BlackElo "2461"]

1.d4 Nf6 2.c4 g6 3.Nc3 Bg7 4.e4 d6 5.Nf3 O-O 6.Be2 e5 7.O-O Nc6 8.d5 Ne7
9.b4 Nh5 10.Re1 f5 11.Ng5 Nf6 12.f3 Nh5 13.g3 f4 14.g4 Bf6 15.Ne6 Bxe6 16.dxe6 Ng7
17.c5 dxc5 18.bxc5 Qd4+ 19.Qxd4 exd4 20.Nd5 Nxd5 21.exd5 d3 22.Rb1 dxe2 23.Rxe2 Rfd8
24.Rd2 c6 25.Rxb7 Rxd5 26.Rxd5 cxd5 27.Bxf4 Nxe6 28.Bd6 Bd4+  0-1

[Event "Lasker Mem A"]
[Site "Barlinek POL"]
[Date "2006.06.05"]
[Round "3"]
[White "Koziak,V"]
[Black "Goluch,P"]
[Result "1-0"]
[WhiteElo "2462"]
[BlackElo "1966"]

1.d4 Nf6 2.c4 g6 3.Nc3 Bg7 4.e4 d6 5.Nf3 O-O 6.Be2 e5 7.O-O Nc6 8.d5 Ne7
9.b4 Ne8 10.c5 f5 11.Ng5 Kh8 12.f3 Ng8 13.Qb3 Qe7 14.Kh1 Ngf6 15.Ne6 Bxe6
16.dxe6 Rd8 17.Be3 c6 18.Rad1 d5 19.exd5 cxd5 20.Nxd5 Qxe6 21.Bc4 Nxd5 22.Rxd5 Rxd5
23.Bxd5 Qc8 24.c6 bxc6 25.Qc4 Rf6 26.b5 Nc7 27.Bxc6 Qb8 28.Qa4 Bf8 29.Bxa7 Qd8
30.b6 Ne6 31.b7 Bd6 32.Rd1 Nd4 33.Bxd4 exd4 34.Qxd4  1-0

[Event "Lasker Mem A"]
[Site "Barlinek POL"]
[Date "2006.06.07"]
[Round "5"]
[White "Koziak,V"]
[Black "Bulski,K"]
[Result "1/2-1/2"]
[WhiteElo "2462"]
[BlackElo "2389"]

1.d4 Nf6 2.c4 g6 3.Nc3 Bg7 4.e4 d6 5.Nf3 O-O 6.Be2 e5 7.O-O Nc6 8.d5 Ne7
9.b4 a5 10.Ba3 axb4 11.Bxb4 b6 12.a4 Re8 13.Re1 Bf8 14.h3 Bb7 15.Bf1 c5 16.Ba3 Bc8
17.Nb5 Bh6 18.Bb2 Bg7 19.Bc3 Rf8 20.Ra3 Ne8 21.a5 f5 22.Qa1 fxe4 23.Nd2 e3
24.fxe3 Nf5 25.axb6 Rxa3 26.Qxa3 Qxb6 27.Bd3 Qd8 28.Qa8 Nh4 29.Re2 Bh6 30.Ba5 Qd7
31.Qc6 Nf5 32.Nf1 Bg5 33.Bb6 Rf7 34.Ra2 e4 35.Qxd7 Bxd7 36.Bxe4 Nxe3  1/2-1/2

[Event "TCh-NOR"]
[Site "Oslo NOR"]
[Date "2006.06.07"]
[Round "1"]
[White "Ekeberg,C"]
[Black "Harestad,T"]
[Result "1-0"]
[WhiteElo "2272"]
[BlackElo "2202"]

1.Nf3 Nf6 2.c4 g6 3.Nc3 Bg7 4.e4 d6 5.d4 O-O 6.Be2 e5 7.O-O Nc6 8.d5 Ne7
9.b4 a5 10.Ba3 Nd7 11.bxa5 Rxa5 12.Bb4 Ra8 13.a4 Nc5 14.Nd2 f5 15.a5 Bd7
16.Bxc5 dxc5 17.Nb3 b6 18.d6 cxd6 19.Qxd6 Rf6 20.Qd3 Be8 21.axb6 Qxd3 22.Bxd3 Rxa1
23.Rxa1 Rxb6 24.Nxc5 Bc6 25.Rb1 Rxb1+ 26.Bxb1 Kf7 27.Kf1 Bh6 28.Ke2 Bc1 29.Nd3 Ba3
30.Nxe5+ Ke6 31.Nf3 h6 32.g3 Bc5 33.Nd2 g5 34.exf5+ Nxf5 35.Be4 Bxe4 36.Ndxe4 Bb6
37.h3 Ke5 38.Kd3 Bd8 39.Nd5 h5 40.Nxg5 Nd6 41.f4+ Kf5 42.Ne3+ Kg6 43.Ne4  1-0

[Event "2nd Goran"]
[Site "Bibinje CRO"]
[Date "2006.06.08"]
[Round "1"]
[White "Rezan,S"]
[Black "Mestrovic,Z"]
[Result "1/2-1/2"]
[WhiteElo "2419"]
[BlackElo "2315"]

1.d4 Nf6 2.c4 g6 3.Nc3 Bg7 4.e4 O-O 5.Nf3 d6 6.Be2 e5 7.O-O Nc6 8.d5 Ne7
9.Nd2 Ne8 10.b4 f5 11.a4 Nf6 12.c5 fxe4 13.Ndxe4 Nxe4 14.Nxe4 Nf5 15.Bg5 Qe8
16.Bb5 Qf7 17.Ra3 Nd4 18.cxd6 Bf5 19.f3 cxd6 20.Nxd6 Qc7 21.Ne4 Bxe4 22.fxe4 Rxf1+
23.Bxf1 Qb6 24.Kh1 Qxb4 25.Ra1 Qd6 26.Rc1 Rf8 27.h3 h5 28.Rb1 Rf7 29.Qd2 Kh7
30.Bb5 Qf8 31.Qb4 Qxb4 32.Rxb4 Bh6 33.h4 Bxg5 34.hxg5 Rc7 35.d6 Rc8 36.Bd7 Rc1+
37.Kh2 b6 38.a5 Rc2 39.Ba4 Rd2 40.axb6 axb6 41.Rxb6 Nf3+ 42.Kh1 Nxg5 43.d7 Nf7
44.Re6 Kg7 45.Kg1 Rd4 46.Bb5 g5 47.Kh2 Rd2 48.Kh3 Rd4 49.Kh2 Rd2 50.Kh3 Rd4
51.Kh2  1/2-1/2

[Event "TCh-NOR Open"]
[Site "Oslo NOR"]
[Date "2006.06.08"]
[Round "2"]
[White "Nordahl,H"]
[Black "Royset,J"]
[Result "1-0"]
[WhiteElo "2374"]
[BlackElo "2267"]

1.d4 Nf6 2.c4 g6 3.Nc3 Bg7 4.e4 d6 5.Be2 O-O 6.Nf3 e5 7.O-O Nc6 8.d5 Ne7
9.Ne1 Nd7 10.Be3 f5 11.f3 f4 12.Bf2 g5 13.Rc1 Ng6 14.c5 Nxc5 15.b4 Na6 16.Nb5 Bd7
17.Nxa7 Rf7 18.Qc2 Qe8 19.Bxa6 Ba4 20.Qd3 Rxa7 21.Bxa7 bxa6 22.Qxa6 Bb5 23.Qb7 Bxf1
24.Kxf1 Qa4 25.Rxc7 Rxc7 26.Qxc7 Qb5+ 27.Kg1 Qxb4 28.Qb8+ Qxb8 29.Bxb8  1-0

[Event "28th Nezhmetdinov mem"]
[Site "Kazan RUS"]
[Date "2006.06.09"]
[Round "9"]
[White "Mihajlovskij,S"]
[Black "Sharafiev,A"]
[Result "1-0"]
[WhiteElo "2414"]
[BlackElo "2320"]

1.c4 g6 2.d4 Bg7 3.Nc3 d6 4.e4 Nf6 5.Be2 O-O 6.Nf3 e5 7.O-O Nc6 8.d5 Ne7
9.b4 Nh5 10.Ne1 Nf4 11.Nd3 f5 12.f3 g5 13.Nf2 a5 14.bxa5 h6 15.a4 Rxa5 16.Bd2 c5
17.Re1 Ra6 18.Bf1 Nfg6 19.Rb1 f4 20.Be2 Kh8 21.Rb5 Ng8 22.Qb3 h5 23.Rb1 Rf7
24.Rb6 Rxb6 25.Qxb6 Qf6 26.Nb5 Bf8 27.Na7 Bd7 28.Qxb7 Bxa4 29.Qa8 Nh6 30.Nb5 Bxb5
31.cxb5 g4 32.b6 Nh4 33.Qe8 Qg7 34.fxg4 hxg4 35.Qxf7 Nxf7 36.b7 Ng5 37.Nxg4 Nxe4
38.Be1  1-0

[Event "Lasker Mem A"]
[Site "Barlinek POL"]
[Date "2006.06.10"]
[Round "8"]
[White "Malaniuk,V"]
[Black "Bulski,K"]
[Result "1-0"]
[WhiteElo "2539"]
[BlackElo "2389"]

1.d4 Nf6 2.c4 g6 3.Nc3 Bg7 4.e4 d6 5.Be2 O-O 6.Nf3 e5 7.O-O Nc6 8.d5 Ne7
9.b4 a5 10.Ba3 axb4 11.Bxb4 b6 12.a4 Re8 13.Re1 Bf8 14.h3 Bb7 15.Bf1 c5 16.dxc6 Nxc6
17.Ba3 Nd4 18.Nd5 Nxf3+ 19.Qxf3 Nxd5 20.cxd5 Ba6 21.Bb5 Bxb5 22.axb5 Qd7
23.Qb3 Ra5 24.Rab1 Rea8 25.Bc1 f5 26.Be3 Ra3 27.Qc4 f4 28.Bxb6 Rc8 29.Qb4 Rcc3
30.f3 Rxf3 31.gxf3 Rxf3 32.Rb3 Rxh3 33.Rxh3 Qxh3 34.Qd2 Qg3+ 35.Kf1 Qf3+
36.Qf2 Qh1+ 37.Qg1 Qf3+ 38.Bf2 Qd3+ 39.Kg2 Qxb5 40.Qh2 Qd7 41.Qh3 Qxh3+ 42.Kxh3 Kf7
43.Rb1 g5 44.Rb8 h5 45.Kg2 Be7 46.Bb6 g4 47.Bd8 Bxd8 48.Rxd8 h4 49.Rxd6 h3+
50.Kh2 Kg7 51.Re6  1-0

[Event "Open A"]
[Site "Voronezh RUS"]
[Date "2006.06.13"]
[Round "2"]
[White "Barbashin,I"]
[Black "Chernov,Vl2"]
[Result "1-0"]
[WhiteElo "2264"]
[BlackElo "2070"]

1.Nf3 Nf6 2.d4 g6 3.c4 Bg7 4.Nc3 O-O 5.e4 d6 6.Be2 e5 7.O-O Nc6 8.dxe5 dxe5
9.Bg5 h6 10.Qxd8 Nxd8 11.Bxf6 Bxf6 12.Nd5 Bg7 13.Nxc7 Rb8 14.Ne1 Nc6 15.Nc2 f5
16.Bf3 f4 17.Rad1 Nd4 18.Nxd4 exd4 19.Rd3 Be5 20.Nd5 Bd7 21.Rc1 Kg7 22.h3 h5
23.b4 Kh6 24.Ra3 Ra8 25.Ra5 b6 26.Nxb6 axb6 27.Rxe5 Rfe8 28.Rxe8 Rxe8 29.b5 Be6
30.a4 d3 31.a5 d2 32.Rd1  1-0

[Event "Summer-1"]
[Site "Alushta UKR"]
[Date "2006.06.14"]
[Round "18"]
[White "Tishin,D"]
[Black "Golubev,M"]
[Result "0-1"]
[WhiteElo "2316"]
[BlackElo "2484"]

1.d4 d6 2.Nf3 Nf6 3.c4 g6 4.Nc3 Bg7 5.e4 O-O 6.Be2 e5 7.O-O Nc6 8.d5 Ne7
9.b4 Ne8 10.c5 f5 11.Nd2 Nf6 12.f3 f4 13.Nc4 g5 14.Ba3 Ng6 15.b5 dxc5 16.Bxc5 Rf7
17.a4 h5 18.h3 Bf8 19.Bf2 g4 20.hxg4 hxg4 21.fxg4 Bd6 22.a5 Rh7 23.Bf3 Kg7
24.Re1 Nxg4 25.Kf1 Qg5 26.Nxd6 cxd6 27.Ke2 Nxf2 28.Kxf2 Rh2 29.Rg1 Nh4 30.Kf1 Nxf3
31.Qxf3 Bg4 32.Qd3 f3  0-1

[Event "National Open"]
[Site "Las Vegas USA"]
[Date "2006.06.16"]
[Round "1"]
[White "Mikhalevski,V"]
[Black "Santalla,A"]
[Result "1-0"]
[WhiteElo "2566"]
[BlackElo "2075"]

1.d4 Nf6 2.c4 g6 3.Nc3 Bg7 4.e4 d6 5.Be2 O-O 6.Nf3 e5 7.O-O Nc6 8.d5 Ne7
9.b4 Ne8 10.a4 f5 11.Nd2 Bh6 12.c5 Bxd2 13.Qxd2 f4 14.f3 g5 15.g4 h5 16.h3 Kf7
17.Ba3 Rh8 18.Rf2 Nf6 19.b5 Rh6 20.Bd1 Ng6 21.Ra2 hxg4 22.hxg4 Rh3 23.Qc1 Qh8
24.Rh2 Qh4 25.Rxh3 Qxh3 26.Rf2 Bxg4 27.Qd2 Rh8 28.Rh2 Qg3+ 29.Rg2 Rh2 30.Rxg3 Rxd2
31.Rxg4 Nxg4 32.cxd6 cxd6 33.fxg4 Ke7 34.a5 f3 35.b6 a6 36.Kf1 Nh4 37.Bc1 Rd3
38.Bxg5+ Kd7 39.Bxh4 Rxc3 40.Ba4+ Kc8 41.g5 Rc4 42.g6 Rxe4 43.Bc2  1-0

[Event "National Open"]
[Site "Las Vegas USA"]
[Date "2006.06.16"]
[Round "2"]
[White "Gurevich,D"]
[Black "Yanayt,E"]
[Result "1-0"]
[WhiteElo "2503"]
[BlackElo "2286"]

1.d4 Nf6 2.c4 g6 3.Nc3 Bg7 4.e4 d6 5.Nf3 O-O 6.Be2 e5 7.O-O Nc6 8.d5 Ne7
9.Ne1 Nd7 10.Be3 f5 11.f3 f4 12.Bf2 g5 13.Nb5 b6 14.b4 a6 15.Nc3 h5 16.c5 Nf6
17.cxb6 cxb6 18.Na4 Rb8 19.b5 a5 20.Rc1 g4 21.Qd2 Bd7 22.Rc6 Bxc6 23.dxc6 g3
24.hxg3 fxg3 25.Bxg3 Ng6 26.Qc2 Ne8 27.Bc4+ Kh8 28.Nd3 Bh6 29.Be6 Nc7 30.Bc4 Qg5
31.Qf2 h4 32.Bh2 h3 33.g3 Nh4 34.f4 exf4 35.Nxf4 Qg4 36.Qd4+ Bg7 37.Qxd6 Rbd8
38.Be2 Rxd6 39.Bxg4 Ng6 40.Nxg6+ Rxg6 41.Rxf8+ Bxf8 42.Be2 Bd6 43.g4 Re6
44.Bxd6 Rxd6 45.Nxb6 Rd2 46.Bc4 Kg7 47.Nd7 Ne8 48.b6 Nd6 49.Bd5 Nb5 50.b7 Nd4
51.e5 Ne2+ 52.Kh2 Nf4+ 53.Kg3 Nxd5 54.b8=Q Rd3+ 55.Kh4 h2 56.Qf8+ Kh7 57.Nf6+ Nxf6
58.Qf7+ Kh8 59.Qxf6+ Kh7 60.Qf7+ Kh8 61.Qh5+  1-0

[Event "Open A"]
[Site "Balatonlelle HUN"]
[Date "2006.06.21"]
[Round "5"]
[White "Csiszar,C"]
[Black "Enders,P"]
[Result "0-1"]
[WhiteElo "2435"]
[BlackElo "2443"]

1.d4 Nf6 2.Nf3 g6 3.c4 Bg7 4.Nc3 O-O 5.e4 d6 6.Be2 e5 7.O-O Nc6 8.d5 Ne7
9.Ne1 Nd7 10.Be3 f5 11.f3 f4 12.Bf2 g5 13.Rc1 Ng6 14.c5 Nxc5 15.b4 Na6 16.Nb5 Bd7
17.a4 Rf7 18.Nd3 h5 19.Nxa7 Bf8 20.b5 Nc5 21.Nxc5 dxc5 22.Nc6 Qe8 23.a5 bxc6
24.dxc6 Be6 25.Qa4 Qb8 26.Ra1 Bd6 27.Rfb1 Qf8 28.Qc2 Rc8 29.Rc1 g4 30.Kh1 Rg7
31.Bc4 Bxc4 32.Qxc4+ Kh7 33.Qe6 gxf3 34.gxf3 Qg8 35.Qf5 Kh6 36.Rg1 Ne7 37.Qh3 Rxg1+
38.Rxg1 Qb3 39.b6 cxb6 40.axb6 Rxc6 41.Bh4 Qf7 42.Qd7 Qb3 43.h3 Rxb6 44.Bg5+ Kh7
45.Bxe7 Qf7 46.Qd8 Qe6  0-1

[Event "Open A"]
[Site "Balatonlelle HUN"]
[Date "2006.06.25"]
[Round "9"]
[White "Gonda,L"]
[Black "Enders,P"]
[Result "1-0"]
[WhiteElo "2465"]
[BlackElo "2443"]

1.d4 Nf6 2.c4 g6 3.Nc3 Bg7 4.e4 d6 5.Be2 O-O 6.Nf3 e5 7.O-O Nc6 8.d5 Ne7
9.Bg5 Nd7 10.Nd2 f5 11.f3 f4 12.Bh4 h5 13.b4 Bh6 14.Bf2 c5 15.dxc6 Nxc6 16.Nb3 Nf6
17.b5 Ne7 18.c5 d5 19.exd5 Nexd5 20.Nxd5 Qxd5 21.Na5 Kh7 22.Bc4 Qxd1 23.Raxd1 Bg7
24.c6 b6 25.Nb3 e4 26.fxe4 Nxe4 27.Bd4 Bg4 28.Bxg7 Kxg7 29.Rd4 Rae8 30.Re1 Nd6
31.Rxe8 Nxe8 32.Nd2 g5 33.Nf3 Rf5 34.Rd7+ Kf6 35.Rf7+  1-0

[Event "II Open"]
[Site "Sort ESP"]
[Date "2006.06.26"]
[Round "1"]
[White "Krivoshey,S"]
[Black "Ortiz,Na"]
[Result "1/2-1/2"]
[WhiteElo "2531"]
[BlackElo "2184"]

1.d4 Nf6 2.c4 g6 3.Nc3 Bg7 4.e4 d6 5.Nf3 O-O 6.Be2 e5 7.O-O Nc6 8.d5 Ne7
9.Ne1 Nd7 10.Be3 f5 11.f3 f4 12.Bf2 g5 13.a4 a5 14.Nd3 b6 15.Be1 h5 16.Nf2 Nf6
17.h3 Kh8 18.b4 Neg8 19.Nb5 Nh6 20.bxa5 bxa5 21.c5 Rf7 22.cxd6 cxd6 23.Rc1 Bf8
24.Rc4 g4 25.fxg4 hxg4 26.hxg4 Rg7 27.g5 Rxg5 28.Qc2 Nh5 29.Bf3 Ng3 30.Nc7 Ra7
31.Nb5 Rh7 32.Rxc8 Qb6 33.Rc6 Qe3 34.Rc3 Qb6 35.Rc6 Qe3 36.Rc3 Qb6 37.Rc6 Qe3  1/2-1/2

[Event "34th World Open"]
[Site "Philadelphia USA"]
[Date "2006.06.28"]
[Round "1"]
[White "Ftacnik,L"]
[Black "Battsetseg,T"]
[Result "1-0"]
[WhiteElo "2597"]
[BlackElo "2254"]

1.d4 Nf6 2.Nf3 g6 3.c4 Bg7 4.Nc3 d6 5.e4 O-O 6.Be2 e5 7.O-O Nc6 8.d5 Ne7
9.Nd2 a5 10.a3 Bd7 11.b3 c6 12.Bb2 Qb8 13.Rb1 Rc8 14.Kh1 g5 15.dxc6 bxc6
16.c5 Be6 17.cxd6 Qxd6 18.Nf3 Qb8 19.Bc4 Bxc4 20.bxc4 Rd8 21.Qc2 g4 22.Nh4 Qd6
23.Rbd1 Qe6 24.Na4 Ne8 25.Nc5 Qf6 26.g3 Ng6 27.Nf5 Nd6 28.f3 Bf8 29.fxg4 Qg5
30.Nxd6 Rxd6 31.Rxd6 Bxd6 32.Nd7 Qe3 33.c5  1-0

[Event "34th World Open"]
[Site "Philadelphia USA"]
[Date "2006.06.28"]
[Round "1"]
[White "Antic,De"]
[Black "Aramil,W"]
[Result "0-1"]
[WhiteElo "2491"]
[BlackElo "2215"]

1.d4 Nf6 2.c4 g6 3.Nc3 Bg7 4.e4 d6 5.Nf3 O-O 6.Be2 e5 7.O-O Nc6 8.d5 Ne7
9.b4 a5 10.bxa5 Rxa5 11.a4 Nd7 12.Ba3 Bh6 13.Nd2 Ra8 14.Re1 f5 15.Bf1 Nf6
16.c5 Kh8 17.Nc4 Ne8 18.a5 f4 19.cxd6 cxd6 20.Na4  0-1

[Event "ch-BEL"]
[Site "Namur BEL"]
[Date "2006.07.02"]
[Round "2"]
[White "Denayer,E"]
[Black "Meessen,R"]
[Result "1-0"]
[WhiteElo "2251"]
[BlackElo "2316"]

1.d4 Nf6 2.c4 g6 3.Nc3 Bg7 4.e4 d6 5.Be2 O-O 6.Nf3 e5 7.O-O Nc6 8.d5 Ne7
9.Ne1 Nd7 10.Be3 f5 11.f3 f4 12.Bf2 g5 13.Rc1 Rf6 14.c5 Nxc5 15.b4 Na6 16.Nb5 Rh6
17.a4 Bd7 18.Qb3 Kh8 19.Nxa7 Qe8 20.Bb5 Qh5 21.h4 Bxb5 22.axb5 gxh4 23.Kh2 h3
24.g4 fxg3+ 25.Bxg3 Rxa7 26.bxa6 bxa6 27.Qe3 Rb7 28.Nd3 Rg6 29.Rg1 Bh6 30.f4 Rg7
31.Rcf1 Ng6 32.Qf2 exf4 33.Nxf4 Nxf4 34.Bxf4 Bxf4+ 35.Qxf4 Qe5 36.Qxe5  1-0

[Event "XXXII Open"]
[Site "Badalona ESP"]
[Date "2006.07.03"]
[Round "2"]
[White "Del Rio Angelis,S"]
[Black "Valuet,B"]
[Result "1-0"]
[WhiteElo "2514"]
[BlackElo "2277"]

1.d4 Nf6 2.c4 g6 3.Nc3 Bg7 4.e4 d6 5.Nf3 O-O 6.Be2 e5 7.O-O Nc6 8.Be3 Ng4
9.Bg5 f6 10.Bc1 Kh8 11.d5 Ne7 12.b4 f5 13.Ng5 Nf6 14.exf5 gxf5 15.f4 Ng6
16.fxe5 dxe5 17.c5 c6 18.dxc6 Qd4+ 19.Qxd4 exd4 20.cxb7 Bxb7 21.Nb5 Ne4 22.Rb1 Rae8
23.Bc4 Ne5 24.Bb3 Ba6 25.Nc7 Bxf1 26.Nxe8 Bd3 27.Nxg7 Bxb1 28.N7e6 Nd3 29.Nxf8 Nxc1
30.c6 Ne2+ 31.Kf1 Bd3 32.Ke1 Nf4 33.Nf7+ Kg7 34.Ne6+ Nxe6 35.Bxe6 Kf6 36.c7 Ba6
37.c8=Q Bxc8 38.Bxc8 Kxf7 39.Bxf5 Nc3 40.a3 h6 41.Kd2 Kf6 42.Bc2 Ke5 43.g3 Kd5
44.Kd3 Ne4 45.a4 Nf2+ 46.Ke2 Ng4 47.h3 Ne5 48.Bd3 Nc6 49.b5 Na5 50.g4 Ke5
51.h4 Kf4 52.g5 hxg5 53.h5 Ke5 54.h6 Kf6 55.Bc2 g4 56.Kf2 Nc4 57.Kg3 Nb2
58.a5 d3 59.Bxd3 Nxd3 60.b6 axb6 61.a6 Ne5 62.a7 Kg6 63.a8=Q Kxh6 64.Qh8+ Kg6
65.Qxe5  1-0

[Event "Masters"]
[Site "Marseille FRA"]
[Date "2006.07.03"]
[Round "5"]
[White "Savchenko,S"]
[Black "Leygue,D"]
[Result "1/2-1/2"]
[WhiteElo "2495"]
[BlackElo "2345"]

1.d4 Nf6 2.Nf3 g6 3.c4 Bg7 4.Nc3 O-O 5.e4 d6 6.Be2 e5 7.O-O Nc6 8.d5 Ne7
9.b4 Nh5 10.Re1 f5 11.Ng5 Nf4 12.Bxf4 exf4 13.Rc1 Bf6 14.Ne6 Bxe6 15.dxe6 Bxc3
16.Rxc3 fxe4 17.Bf1 e3 18.fxe3 fxe3 19.Rcxe3 a5 20.b5 c6 21.bxc6 bxc6 22.Rb3 Qc7
23.Qd4 Qa7 24.Qxa7 Rxa7 25.Be2 Kg7 26.Rd1 d5 27.cxd5 cxd5 28.Bf3 Rf6 29.Rb6 Rf5
30.Rd6 Kf6 31.Bxd5 Nxd5 32.R1xd5 Rxd5 33.Rxd5 Kxe6 34.Rb5 a4 35.Rb4 a3 36.Rb3 Kd5
37.Kf2 Kc4 38.Kg3 Ra5 39.Kg4 h6 40.h4 Ra6 41.Kh3 Kd4  1/2-1/2

[Event "34th World Open"]
[Site "Philadelphia USA"]
[Date "2006.07.04"]
[Round "8"]
[White "Ftacnik,L"]
[Black "Bercys,S"]
[Result "1/2-1/2"]
[WhiteElo "2597"]
[BlackElo "2360"]

1.d4 Nf6 2.Nf3 g6 3.c4 Bg7 4.Nc3 d6 5.e4 O-O 6.Be2 e5 7.O-O Nc6 8.d5 Ne7
9.Nd2 a5 10.a3 c6 11.Ra2 Bd7 12.b4 axb4 13.axb4 Rxa2 14.Nxa2 b5 15.dxc6 Nxc6
16.cxb5 Nd4 17.Nc3 Qb8 18.Re1 Rc8 19.Bb2 Nxb5 20.Nxb5 Bxb5 21.Bxb5 Qxb5 22.Qb3 Bh6
23.Qh3 Rc2 24.Qxh6 Ng4 25.Qg5 Rxb2 26.Qd8+ Kg7 27.Qxd6 Qxb4  1/2-1/2

[Event "II Balazs-Diak Cup U-18"]
[Site "Balatonlelle HUN"]
[Date "2006.07.06"]
[Round "6"]
[White "Teglas,B"]
[Black "Bakos,L"]
[Result "1-0"]
[WhiteElo "1995"]
[BlackElo "1985"]

1.d4 Nf6 2.Nf3 d6 3.c4 g6 4.Nc3 Bg7 5.e4 O-O 6.Be2 e5 7.O-O Nc6 8.d5 Ne7
9.b4 a5 10.Ba3 Nd7 11.bxa5 Rxa5 12.Bb4 Ra8 13.Ne1 f5 14.a4 b6 15.a5 fxe4
16.axb6 Nxb6 17.Rxa8 Nxa8 18.Nxe4 Bf5 19.Nc3 Qb8 20.Nb5 Bd7 21.Nf3 Bxb5 22.cxb5 Nb6
23.Ng5 Bh6 24.Ne6 Rf6 25.Bf3 Qb7 26.Nd8 Qc8 27.Nc6 Nxc6 28.bxc6 Qf5 29.Ba5 e4
30.Bg4 Qxd5 31.Bxb6 Qxc6 32.Bd4 Bg7 33.Bxf6 Bxf6 34.Be6+ Kg7 35.Qd5  1-0

[Event "SCCF State Championship"]
[Site "Los Angeles USA"]
[Date "2006.07.09"]
[Round "4"]
[White "Lakdawala,C"]
[Black "Peters,Joh"]
[Result "1/2-1/2"]
[WhiteElo "2440"]
[BlackElo "2440"]

1.Nf3 Nf6 2.c4 g6 3.Nc3 Bg7 4.e4 d6 5.d4 O-O 6.Be2 e5 7.O-O Nc6 8.d5 Ne7
9.Ne1 Nd7 10.Be3 f5 11.f3 f4 12.Bf2 g5 13.Rc1 Ng6 14.c5 Nxc5 15.b4 Na6 16.Nb5 Bd7
17.Nxa7 h5 18.a4 Bh6 19.Rc4 Rf7 20.Nd3 Rg7 21.h3 Nf8 22.Nb5 Nh7 23.Be1 g4
24.fxg4 hxg4 25.Bxg4 Bxg4 26.hxg4 Bg5 27.Rf3 Bh4 28.Bxh4 Qxh4 29.Rh3 Qxg4
30.Qxg4 Rxg4 31.Nf2 Rg7 32.Rhc3 Nf6 33.a5 Ne8 34.Kh2 Rd8 35.g3 fxg3+ 36.Rxg3 Rd7
37.Ng4 Kf8 38.Nc3 Rdf7 39.Kg2 Nf6 40.Nxf6 Rxg3+ 41.Kxg3 Rxf6 42.Na4 Ke7 43.b5 Nc5
44.Nxc5 dxc5 45.Rxc5 Kd7 46.Rc4 Rf1 47.Ra4 Kc8 48.a6 Kb8 49.a7+ Ka8 50.Kg4 Rf2
51.Kg5 Rf4 52.d6 cxd6 53.b6 d5 54.Ra5 dxe4 55.Rxe5 Rf8 56.Rxe4 Rf5+  1/2-1/2

[Event "25th Open"]
[Site "St Veit AUT"]
[Date "2006.07.10"]
[Round "3"]
[White "Genser,H"]
[Black "Wilfling,H"]
[Result "1/2-1/2"]
[WhiteElo "2332"]
[BlackElo "2153"]

1.d4 Nf6 2.Nf3 g6 3.c4 Bg7 4.Nc3 O-O 5.e4 d6 6.Be2 e5 7.O-O Nc6 8.d5 Ne7
9.Ne1 Ne8 10.Nd3 f5 11.f4 exf4 12.Bxf4 c6 13.Kh1 cxd5 14.exd5 a6 15.Qb3 Kh8
16.Rad1 Qa5 17.Bd2 Qc7 18.Be3 Ng8 19.Bf3 Ngf6 20.Na4 b5 21.cxb5 axb5 22.Nb6 Rb8
23.Rc1 Qd8 24.Nxc8 Rxc8 25.Rxc8 Qxc8 26.Qxb5 Ng4 27.Bxg4 fxg4 28.Rxf8+ Bxf8
29.Qc6 Qd8 30.Qc3+ Kg8 31.Nf4 Bg7 32.Bd4 Bh6 33.Ne6 Qh4 34.g3 Qe7 35.Kg2 Qf7
36.Qd3 Bg7 37.Bxg7 Nxg7 38.Nxg7 Qxg7 39.Qe2 Qd4 40.Qe6+ Kg7 41.Qe7+ Kg8 42.Qe6+ Kg7
43.Qe7+ Kg8 44.Qd8+ Kf7 45.Qc7+ Kg8 46.Qb8+ Kf7 47.Qb5 h5 48.a4 Kg7 49.Qd7+ Kh6
50.Qxd6 Qd2+  1/2-1/2